| 000 | 00790nam a2200229Ia 4500 | ||
|---|---|---|---|
| 008 | 130821s2005 sp gr spa | ||
| 020 | _a8420658723 | ||
| 040 |
_aCo-BoUCM _bspa |
||
| 041 | 0 | 0 | _aspa |
| 100 | 1 |
_aSéneca _9164467 |
|
| 245 | 1 | 0 |
_aSobre la clemencia _cSéneca ;introducción, traducción y notas de Carmen Codoñer |
| 260 |
_aMadrid (España) _bAlianza Editorial _c2005 |
||
| 300 | _a115 páginas | ||
| 490 |
_aEl Libro de Bolsillo. _v8274 _aBiblioteca Temática. _aClásicos de Grecia y Roma |
||
| 650 | 0 | 4 |
_aEstoicismo _915105 |
| 650 | 0 | 4 |
_aFilosofía antigua _915727 |
| 650 | 0 | 4 |
_aFilosofía romana _915846 |
| 650 | 0 | 4 |
_aFilosofía _975 |
| 700 | 1 |
_aCodoñer, Carmen de _etrad. _9164468 |
|
| 942 |
_cLIBRO _a2 _e1 _mS475s _2DEWEY _h188 |
||
| 999 |
_c57596 _d57596 |
||